| 000 | 00647nam a2200181Ia 4500 | ||
|---|---|---|---|
| 008 | 090124s9999 xx 000 0 und d | ||
| 082 | _b71 | ||
| 100 | _aदाते वामनराव | ||
| 245 | _a जमिनीचा कस वाढविणारी खते | ||
| 250 | _a4 | ||
| 260 |
_bउदयम प्रकाशन _c1970 |
||
| 300 | _a74 | ||
| 600 | _aदाते वामनराव | ||
| 630 | _a जमिनीचा कस वाढविणारी खते | ||
| 700 | _aदाते वामनराव | ||
| 730 | _a जमिनीचा कस वाढविणारी खते | ||
| 942 | _cBOOK | ||
| 999 |
_c81526 _d81526 |
||